Social Protection System Review of Kyrgyzstan

Guardado en:
Detalles Bibliográficos
Formato: Libro
Lenguaje:inglés
Publicado: Paris OECD 2018
Colección:OECD Development Pathways
Materias:
Etiquetas: Agregar Etiqueta
Sin Etiquetas, Sea el primero en etiquetar este registro!

MARC

LEADER 00000nam a2200000 4500
001 0253198
005 20221220065853.7
020 |a 978-92-64-30226-6 
041 0 |a eng 
044 |a FR 
245 1 0 |a Social Protection System Review of Kyrgyzstan 
264 1 |a Paris  |b OECD  |c 2018 
300 |a 165 s. 
490 1 |a OECD Development Pathways 
830 0 |a OECD Development Pathways 
610 2 0 |a zabezpečenie sociálne 
610 2 0 |a potreby sociálne 
610 2 0 |a dôchodky starobné 
610 2 0 |a vzdelávanie 
610 2 0 |a poistenie sociálne 
610 2 0 |a trh práce 
610 2 0 |a starostlivosť zdravotná 
610 2 0 |a efektívnosť 
610 2 0 |a financovanie 
610 2 0 |a systémy sociálne 
610 2 0 |a údaje štatistické 
610 2 0 |a Kirgizsko